000 00275nam a22001217a 4500
008 170222b xxu||||| |||| 00| 0 eng d
041 _aeng
080 _23 ED
_a6161 31
100 _a5
101 _aSHS
245 _aHANDBOOK PEDRIATICS DENTISTRY
_cNOWAK.A.J
942 _2udc
_cBK
999 _c6073
_d6073